00520 2200205 4500001002100000008004100021035002000062245007300082100002200155250000600177260003500183300001200218084001400230082000800244650001400252990001200266990001200278990001200290990001200302INLIS000000000000543 ind  a0010-0424000519 aEnsiklopedia Pengetahuan Populer 3; Jepang - MusikcJennifer Justice aJustice, Jennifer a1 aJakarta :bLentera Abadic2015 a193 hlm a600 JEN e a600 aNon Fiksi a0722200 a0722201 a0722202 a0722203